000 00643cam a22002173a 4500
001 41537
003 PGUSA
005 20140828083934.0
008 121202s2012||||xxu|||||s|||||000 | eng d
040 _aPGUSA
_beng
042 _adc
100 1 _aDante Alighieri,
_d1265-1321
245 1 4 _aThe Divine Comedy of Dante Alighieri :
_bThe Inferno
_h[electronic resource] /
_cDante Alighieri
260 _bProject Gutenberg,
_c2012
506 _aPublic domain in the USA.
516 _aElectronic text
700 1 _aSibbald, James Romanes
830 0 _aProject Gutenberg
_v41537
856 4 0 _uhttp://www.gutenberg.org/ebooks/41537
942 _cEB
999 _c270789
_d270789